Statistics for Comedy Movie Quotes

Click here to take the quiz!

General Stats

  • This quiz has been taken 132 times
  • The average score is 7 of 14

Answer Stats

HintAnswer% Correct
Discovered by the Germans in 1904, they named it San Diego, which, of course, in German means a whale's vaginaAnchorman
72%
You suck, ya jackassHappy Gilmore
70%
Boats and Hoes!Step Brothers
65%
Excuse me stewardess, I speak jiveAirplane
61%
Toga! Toga! Toga!Animal House
61%
So long, gay boys!Hangover
58%
You know how when you grab a woman's breast... it feels like... a bag of sand.40 Year Old Virgin
47%
He will not be able to see very well, CottonDodgeball
45%
I'd give my middle nut to start dating BeccaSuperbad
43%
Here's the deal I'm the best there is. Plain and simple. I wake up in the morning and I piss excellenceTalladega Nights: The Ballad of Ricky Bobby
38%
Group hug in the shower tonight!The Longest Yard
31%
Tattoo on the lower back? Might as well be a bullseyeWedding Crashers
28%
Grace? She passed away thirty years ago!Christmas Vacation
24%
How about a Fresca?Caddy Shack
13%

Score Distribution

Percentile by Number Answered

Percent of People with Each Score

Your Score History

You have not taken this quiz